[Event "AUTO-ADV-4833"]
[Site "http://www.queenalice.com/game.php?id=1853825"]
[Date "2025.3.13"]
[Round "2"]
[White "askasl159"]
[Black "Canaye14"]
[Result "0-1"]
[WhiteElo "1844"]
[BlackElo "1908"]

1. e4 e6 2. d4 d5 3. e5 c5 4. Be3 Nc6 5. Bb5 Qb6 6. Bxc6+ bxc6 7. b3 cxd4 8.
Bxd4 c5 9. Bb2 Nh6 10. h3 c4 11. Nf3 Bc5 12. Bd4 Nf5 13. c3 Nxd4 14. cxd4 Bb4+
15. Nbd2 c3 16. O-O cxd2 17. a3 Bc3 18. Ra2 Ba6 19. b4 Bxf1 20. Kxf1 Bxd4 21.
Nxd4 Qxd4 22. Rxd2 Qxe5 23. g3 O-O 24. b5 Rab8 25. a4 Rfc8 26. Kg2 h6 27. Re2
Qd6 28. Rc2 Rxc2 29. Qxc2 e5 0-1

[Event "AUTO-ADV-4833"]
[Site "http://www.queenalice.com/game.php?id=1853826"]
[Date "2025.3.13"]
[Round "2"]
[White "Canaye14"]
[Black "askasl159"]
[Result "0-1"]
[WhiteElo "1949"]
[BlackElo "1814"]

1. d4 d5 2. Bf4 g6 3. Nf3 Bg7 4. c3 c5 5. e3 Nf6 6. Bd3 a6 7. Nbd2 O-O 8. Ne5
Nc6 9. Nxc6 bxc6 10. dxc5 Re8 11. O-O e5 12. Bg3 Qe7 13. b4 a5 14. a3 Ba6 15.
Bxa6 Rxa6 16. f4 exf4 17. Bxf4 Ne4 18. Nxe4 Qxe4 19. Rc1 axb4 20. axb4 Ra2 21.
Re1 Qxg2# 0-1

[Event "AUTO-ADV-4833"]
[Site "http://www.queenalice.com/game.php?id=1853833"]
[Date "2025.3.13"]
[Round "2"]
[White "Canaye14"]
[Black "Charles56"]
[Result "1-0"]
[WhiteElo "1891"]
[BlackElo "1860"]

1. d4 d5 2. Bf4 Bg4 3. h3 Bh5 4. Nf3 Bxf3 5. exf3 a6 6. c4 dxc4 7. Bxc4 e6 8.
Nc3 Nc6 9. d5 exd5 10. Qxd5 Qe7+ 11. Be3 Nf6 12. Qd2 Nd7 13. O-O O-O-O 14. Rfe1
Qf6 15. Nd5 Qh4 16. Rac1 Bd6 17. Bxa6 bxa6 18. Rxc6 Ne5 19. Qa5 Nxc6 20. Qxa6+
Kd7 21. Rc1 Nd4 22. Qa4+ c6 23. Nb6+ Ke7 24. Bxd4 c5 25. Qa7+ Ke6 26. Re1+ Kf5
27. Qxf7+ Qf6 28. g4+ 1-0

[Event "AUTO-ADV-4833"]
[Site "http://www.queenalice.com/game.php?id=1853834"]
[Date "2025.3.13"]
[Round "2"]
[White "Charles56"]
[Black "Canaye14"]
[Result "1-0"]
[WhiteElo "1832"]
[BlackElo "1893"]

1. e4 e6 2. e5 d5 3. d4 c5 4. c3 Nc6 5. Bb5 Qb6 6. Bxc6+ bxc6 7. dxc5 Bxc5 8.
Qe2 Ne7 9. Nh3 Ba6 10. Qf3 Qc7 11. Be3 Bb6 12. Nd2 O-O 13. Nb3 Qxe5 14. O-O-O
Nf5 15. Bf4 Qe2 16. Qxe2 Bxe2 17. Rd2 Bc4 18. g4 Bxb3 19. axb3 a5 20. gxf5 exf5
21. Be3 Bxe3 22. fxe3 a4 23. b4 a3 24. Kb1 Ra7 25. b3 Rb8 26. Ka2 h6 27. Nf4 g5
28. Nh5 Re8 29. Nf6+ Kf8 30. Nxe8 Kxe8 31. c4 dxc4 32. bxc4 Ke7 33. Rf1 Ke6 34.
c5 h5 35. Rd6+ Ke5 36. Rxc6 Ke4 37. Rf6 h4 38. R6xf5 Kxe3 39. Rxg5 Rd7 40. Re5+
Kd4 41. Rh5 Kc4 42. Rxh4+ Kb5 43. Kxa3 Rd3+ 44. Kb2 Rd2+ 45. Kc3 Rd7 46. Rf6 Re7
47. Kd3 Rd7+ 48. Kc3 Re7 49. Rb6+ Ka4 50. b5+ Ka5 51. Kc4 Re1 52. Ra6# 1-0

[Event "AUTO-ADV-4813"]
[Site "http://www.queenalice.com/game.php?id=1853868"]
[Date "2025.3.14"]
[Round "2"]
[White "Canaye14"]
[Black "Fredo"]
[Result "0-1"]
[WhiteElo "1934"]
[BlackElo "2057"]

1. d4 Nf6 2. Bf4 d5 3. Nf3 e6 4. e3 Bd6 5. Bg3 O-O 6. c3 Ne4 7. Nbd2 Nd7 8. Nxe4
dxe4 9. Nd2 f5 10. h3 Bxg3 11. fxg3 Qg5 12. g4 Qh4+ 0-1

[Event "AUTO-ADV-4852"]
[Site "http://www.queenalice.com/game.php?id=1853876"]
[Date "2025.3.14"]
[Round "1"]
[White "Canaye14"]
[Black "Zeca1955"]
[Result "1-0"]
[WhiteElo "1922"]
[BlackElo "1934"]

1. d4 d5 2. Bf4 Nc6 3. Nf3 f6 4. h3 Bf5 5. e3 Qd7 6. c3 h6 7. Nbd2 g5 8. Bh2 e6
9. g4 Bg6 10. h4 O-O-O 11. hxg5 hxg5 12. Bb5 Be4 13. Qe2 Bd6 14. O-O-O Nge7 15.
Bxd6 Qxd6 16. Nxe4 dxe4 17. Nd2 f5 18. Nc4 Qd7 19. Ne5 Qe8 20. Qc4 Rd6 21. Qa4
Kb8 22. c4 a6 23. Nxc6+ Nxc6 24. Bxc6 Rxc6 25. Rxh8 Qxh8 26. gxf5 exf5 27. d5
Rb6 28. Rd2 f4 29. c5 Rb5 30. d6 Rxc5+ 31. Kb1 cxd6 32. Rxd6 Qc8 33. Qd1 Ka7 34.
Qd4 Kb8 35. Qd2 fxe3 36. fxe3 Ka7 37. Qd4 g4 38. b4 g3 39. bxc5 Qe8 40. c6+ b6
41. Rd7+ 1-0

[Event "AUTO-ADV-4852"]
[Site "http://www.queenalice.com/game.php?id=1853877"]
[Date "2025.3.14"]
[Round "1"]
[White "Zeca1955"]
[Black "Canaye14"]
[Result "1-0"]
[WhiteElo "1921"]
[BlackElo "1890"]

1. e4 e6 2. d4 d5 3. e5 c5 4. c4 Nc6 5. Nf3 Qb6 6. cxd5 exd5 7. Nc3 cxd4 8. Nxd5
Qa5+ 9. Nd2 Qxd5 10. f4 Bb4 11. a3 Ba5 12. b4 Bb6 13. Rg1 a5 14. Bc4 Qd8 15. b5
Nce7 16. Bb2 Nh6 17. h3 d3 18. Rf1 O-O 19. g4 Kh8 20. Qf3 f6 21. Bxd3 fxe5 22.
Bxe5 Nd5 23. O-O-O Nc3 24. Bxc3 Qe7 25. Nb1 Be3+ 26. Kc2 Bxf4 27. Rfe1 Qc5 28.
Qe4 Bf5 29. gxf5 Rxf5 30. Qd4 Qxd4 31. Bxd4 Rc8+ 32. Kb2 Rd5 33. Bc3 Ng8 34. Rg1
Nf6 35. Bxa5 Nd7 36. Bc3 Ne5 37. Be4 Rxb5+ 38. Ka2 Be3 39. Rgf1 Rbc5 40. Bb2 b5
41. Bxe5 Rxe5 42. Nc3 b4 43. axb4 g6 44. Rd3 Bh6 45. Kb3 Bg7 46. Rd6 Rh5 47. Rf3
Bf8 48. Rdd3 Rb8 49. Nd5 Bg7 50. Rg3 Re5 51. Bf3 Bf8 52. Rg4 Bg7 53. h4 Re1 54.
Rg2 Rb1+ 55. Kc2 Rb2+ 56. Kd1 Rb1+ 57. Ke2 Re8+ 58. Re3 Rc8 59. Be4 Rb2+ 60. Kf3
Rf8+ 61. Kg4 h5+ 62. Kh3 Ra2 63. Bxg6 Ra1 64. Bxh5 Rh1+ 65. Kg3 Bd4 66. Re4 Rg8+
67. Rg4 Be5+ 68. Kf3 Rf8+ 69. Ke2 Ra1 70. Ke3 Ra3+ 71. Ke4 Ba1 72. Ne7 Rb8 73.
Kf5 Rb5+ 74. Kf4 Be5+ 75. Ke4 Ra8 76. Rg8+ Rxg8 77. Rxg8+ Kh7 78. Bg6+ Kh6 79.
Nf5# 1-0

[Event "AUTO-ADV-4852"]
[Site "http://www.queenalice.com/game.php?id=1853878"]
[Date "2025.3.14"]
[Round "1"]
[White "Canaye14"]
[Black "dimitridruloza2012"]
[Result "0-1"]
[WhiteElo "1952"]
[BlackElo "1892"]

1. d4 b6 2. Bf4 Bb7 3. e3 g6 4. Nf3 Bg7 5. c4 Nc6 6. Nc3 Nf6 7. a3 Nh5 8. Bg3 e6
9. Bd3 Ne7 10. e4 d6 11. Rc1 Nc6 12. b4 Bxd4 13. Nxd4 Nxd4 14. f3 Qg5 15. Bf2
Qxg2 16. Rg1 Nxf3+ 17. Ke2 Nxg1+ 18. Qxg1 Qh3 19. Nb5 Nf4+ 20. Kd2 Qxd3+ 21. Ke1
Qe2# 0-1

[Event "AUTO-ADV-4852"]
[Site "http://www.queenalice.com/game.php?id=1853879"]
[Date "2025.3.14"]
[Round "1"]
[White "dimitridruloza2012"]
[Black "Canaye14"]
[Result "1-0"]
[WhiteElo "1916"]
[BlackElo "1934"]

1. g3 e6 2. Bg2 d5 3. b3 c5 4. Bb2 Nc6 5. Nc3 Nf6 6. Nf3 e5 7. Na4 Bd6 8. d3 O-O
9. Qd2 Re8 10. O-O-O b5 11. Nc3 a5 12. Nxb5 a4 13. Kb1 axb3 14. cxb3 Nb4 15. a3
Nc6 16. Ka2 Be7 17. Bxe5 c4 18. dxc4 Nb4+ 19. Kb2 Qa5 20. Ng5 Bd7 21. a4 Rab8
22. Bxb8 dxc4 23. Bd6 Bxb5 24. Bxe7 Rxe7 25. Ka3 Nc6 26. Qxa5 Nxa5 27. axb5 Nxb3
28. b6 h6 29. Nh3 Rxe2 30. b7 Re8 31. Kb4 Ne4 32. Bxe4 Rxe4 33. b8=Q+ 1-0

[Event "AUTO-OPEN-4582"]
[Site "http://www.queenalice.com/game.php?id=1853985"]
[Date "2025.3.15"]
[Round "1"]
[White "Canaye14"]
[Black "JailtonMaster"]
[Result "0-1"]
[WhiteElo "1935"]
[BlackElo "2014"]

1. d4 d5 2. Bf4 c5 3. Nf3 e6 4. e3 Nc6 5. Bb5 Bd7 6. O-O Nf6 7. h3 Be7 8. Nbd2
O-O 9. Re1 a6 10. Bd3 Rc8 11. c3 b5 12. b3 cxd4 13. exd4 b4 14. c4 dxc4 15. Nxc4
Nd5 16. Be5 Nc3 17. Qc2 h6 18. Bf4 Bf6 19. Nce5 Nxe5 20. dxe5 Be7 21. Bh7+ Kh8
22. Bxh6 gxh6 23. Bd3 Qb6 24. Qd2 Kg7 25. Qf4 Rg8 26. g4 Bb5 27. Be4 Ne2+ 28.
Rxe2 Bxe2 29. g5 hxg5 30. Nxg5 Bxg5 31. Qxg5+ Kh8 0-1

[Event "AUTO-OPEN-4582"]
[Site "http://www.queenalice.com/game.php?id=1853986"]
[Date "2025.3.15"]
[Round "1"]
[White "JailtonMaster"]
[Black "Canaye14"]
[Result "1-0"]
[WhiteElo "2034"]
[BlackElo "1947"]

1. e4 e6 2. d4 d5 3. exd5 exd5 4. Nf3 Nf6 5. Bd3 c5 6. c3 c4 7. Bc2 Nc6 8. O-O
Be7 9. Re1 O-O 10. Bg5 h6 11. Bh4 Bg4 12. Nbd2 g5 13. Bg3 Kg7 14. h3 Bh5 15. Qe2
Bd6 16. Bxd6 Qxd6 17. g4 Rae8 18. Ne5 Bg6 19. Bxg6 fxg6 20. Ndf3 Ne4 21. Kg2 Qf6
22. Rf1 h5 23. Rae1 hxg4 24. hxg4 Rh8 25. Rh1 Qf4 26. Qe3 Rxh1 27. Rxh1 Qxe3 28.
fxe3 Ne7 29. Rc1 Ng8 30. b3 b5 31. Nc6 Ngf6 32. Nfe5 a6 33. Nb4 a5 34. Nbc6 a4
35. b4 Rh8 36. Na7 Rh4 37. Nxb5 Nxg4 38. Nxg4 Rxg4+ 39. Kh2 Rh4+ 40. Kg2 g4 41.
Nc7 g3 42. Nxd5 Rh2+ 43. Kf3 g2 44. Rg1 Nd2+ 45. Kg3 Rh1 46. Rxg2 Ne4+ 47. Kf4
Nd6 48. Ke5 Nf7+ 49. Ke6 Rh5 50. Rxg6+ Kf8 51. Rg8+ Kxg8 52. Nf6+ Kf8 53. Nxh5
Ng5+ 54. Kd5 Ke8 55. b5 1-0

[Event "AUTO-MASTER-3257"]
[Site "http://www.queenalice.com/game.php?id=1854020"]
[Date "2025.3.16"]
[Round "1"]
[White "Canaye14"]
[Black "stoyan1"]
[Result "0-1"]
[WhiteElo "1875"]
[BlackElo "2101"]

1. d4 e5 2. dxe5 Nc6 3. Bf4 g5 4. Bg3 Bg7 5. Nc3 Nxe5 6. e4 h5 7. h3 d6 8. Be2
Nf6 9. Nf3 Nxf3+ 10. Bxf3 g4 11. hxg4 hxg4 12. Rxh8+ Bxh8 13. Be2 Qe7 14. Qd3
Nh5 15. O-O-O Qg5+ 16. Kb1 Nxg3 17. fxg3 Be6 18. Nd5 O-O-O 19. Qc3 Bxc3 20. Nxc3
Qe5 21. Nb5 a6 22. Nd4 Qxg3 23. Bf1 Bd7 24. b3 c5 25. Ne2 Qf2 0-1